| 000 | 00703 a2200241 4500 | ||
|---|---|---|---|
| 003 | OSt | ||
| 005 | 20180116192347.0 | ||
| 008 | 120530t xxu||||| |||| 00| 0 eng d | ||
| 010 | _a 96032201 | ||
| 020 | _a0801984963 | ||
| 020 | _a9780801984969 | ||
| 040 | _c0 | ||
| 082 | 0 | 0 | _a646.2 |
| 100 | 1 |
_aWolff, Colette. _92644 |
|
| 245 | 1 | 4 |
_aThe art of manipulating fabric / _cColette Wolff. |
| 260 |
_aRadnor, Pa. : _bChilton Book Co., _cc1996. |
||
| 300 |
_aviii, 311 p. : _bill. ; _c28 cm. |
||
| 650 | 1 | 0 |
_aSewing. _92645 |
| 650 | 1 | 0 |
_aFancy work. _92646 |
| 650 | 1 | 0 |
_aSmocking _zEnglish. _92647 |
| 942 |
_aSADA _cBK _k649.2 WOL 1996 _2ddc |
||
| 999 |
_c352810 _d352810 |
||